000 00553cam a2200193Ia 4500
020 _a188458537X
040 _cANC
082 _a808 PYR 2003 A094 Or.
100 1 _aPyrczak, Fred.
245 1 0 _aWriting empirical research reports :
_ba basic guide for students of the social and behavioral sciences /
250 _a4th ed.
260 _aLos Angeles, CA :
_bPyrczak Pub.,
_cc2003.
300 _avi, 138 p. ;
_c29 cm.
650 0 _aReport writing
650 0 _aSocial sciences
650 0 _aPsychology
700 1 _aBruce, Randall R.
942 _cEK
999 _c13810
_d13810